[Event "Bristol Centenary & WECU Championship"]
[Site "The Great Hall, Bristol Gramm"]
[Date "2024.04.26"]
[Round "1.20"]
[White "Mize, Dylan"]
[Black "Dilleigh, Stephen P"]
[Result "0-1"]
[WhiteElo "1870"]
[BlackElo "1995"]
[PlyCount "140"]
[EventDate "2024.04.26"]
[EventRounds "5"]
[EventCountry "ENG"]
[SourceTitle "DT 112"]
[SourceDate "2024.08.26"]
[SourceVersion "1"]
[SourceVersionDate "2024.08.26"]
[SourceQuality "1"]

1. d4 d5 2. Nf3 Nf6 3. e3 e6 4. Bd3 c5 5. b3 b6 6. Qe2 Bb7 7. Bb2 Be7 8. O-O
O-O 9. Nbd2 Nbd7 10. c4 Ne4 11. Rfd1 cxd4 12. exd4 Nxd2 13. Rxd2 Nf6 14. Ne5
Rc8 15. Rc1 Bb4 16. Rdd1 Qe7 17. Bb1 Rfd8 18. Qe3 Ba3 19. Bxa3 Qxa3 20. Qf4
dxc4 21. bxc4 Qe7 22. Qh4 h6 23. Rd3 Be4 24. Rg3 Bxb1 25. Rxb1 Kf8 26. Rf3 Qd6
27. Rf4 Rc7 28. g4 Nh7 29. Re1 Kg8 30. Qh5 Nf6 31. Qh3 Nh7 32. Qg3 f6 33. Nf3
Rxc4 34. h4 g5 35. hxg5 hxg5 36. Rfe4 Qxg3+ 37. fxg3 Nf8 38. R1e2 Rd5 39. Rf2
Kg7 40. Ree2 Rb5 41. Rc2 Rb1+ 42. Kg2 Rc1 43. Rb2 Rd1 44. Rfe2 Rd3 45. Rf2 Rcc3
46. Rbe2 b5 47. Rb2 a6 48. Rf1 Nd7 49. Re2 e5 50. dxe5 Nxe5 51. Nxe5 Rxg3+ 52.
Kh1 Rh3+ 53. Kg2 Rcg3+ 54. Kf2 fxe5 55. Rxe5 Rxg4 56. Rc1 Kg6 57. Rec5 Rh2+ 58.
Kf3 Rf4+ 59. Ke3 Rxa2 60. Rg1 Ra3+ 61. Ke2 g4 62. Rh1 Rf5 63. Rh6+ Kg5 64. Rcc6
Kf4 65. Rhg6 Kg3 66. Rxa6 Rxa6 67. Rxa6 Kg2 68. Rg6 Re5+ 69. Kd3 g3 70. Kd4 Re1
0-1

[Event "Bristol Centenary & WECU Championship"]
[Site "The Great Hall, Bristol Gramm"]
[Date "2024.04.26"]
[Round "1.21"]
[White "Liu, Jack"]
[Black "Lampard, Alice"]
[Result "1-0"]
[WhiteElo "1992"]
[BlackElo "1844"]
[PlyCount "77"]
[EventDate "2024.04.26"]
[EventRounds "5"]
[EventCountry "ENG"]
[SourceTitle "DT 112"]
[SourceDate "2024.08.26"]
[SourceVersion "1"]
[SourceVersionDate "2024.08.26"]
[SourceQuality "1"]

1. e4 c5 2. Nf3 Nc6 3. d4 cxd4 4. Nxd4 g6 5. Nc3 Bg7 6. Be3 Nf6 7. Bc4 O-O 8.
Bb3 d6 9. f3 Bd7 10. Qd2 Rc8 11. O-O-O Na5 12. Kb1 Nxb3 13. cxb3 Re8 14. g4 Bc6
15. h4 Nd7 16. h5 e5 17. Nde2 Bf8 18. Ng3 b5 19. hxg6 fxg6 20. Nd5 Nf6 21. Nb4
Bb7 22. g5 Nd7 23. Nd5 Be7 24. Nxe7+ Qxe7 25. Qxd6 Qxd6 26. Rxd6 Rc7 27. Rhd1
Re7 28. Bxa7 Rf7 29. R6d3 b4 30. Rc1 Bxe4 31. Nxe4 Rxa7 32. Rc8+ Kg7 33. Rc4
Nb8 34. Nf6 Rae7 35. Rd8 Rf8 36. Rxf8 Kxf8 37. Rc8+ Kf7 38. Rxb8 h5 39. Rxb4
1-0

[Event "Bristol Centenary & WECU Championship"]
[Site "The Great Hall, Bristol Gramm"]
[Date "2024.04.26"]
[Round "1.22"]
[White "Marsden, Rupert"]
[Black "Longson, Sarah N"]
[Result "0-1"]
[WhiteElo "1818"]
[BlackElo "1990"]
[PlyCount "86"]
[EventDate "2024.04.26"]
[EventRounds "5"]
[EventCountry "ENG"]
[SourceTitle "DT 112"]
[SourceDate "2024.08.26"]
[SourceVersion "1"]
[SourceVersionDate "2024.08.26"]
[SourceQuality "1"]

1. e4 e5 2. Nf3 Nc6 3. Bc4 Nf6 4. Ng5 d5 5. exd5 Na5 6. Bb5+ c6 7. dxc6 bxc6 8.
Bd3 Nd5 9. Nf3 Bd6 10. O-O O-O 11. Re1 f5 12. Nxe5 Qf6 13. Nf3 g5 14. Qe2 Bd7
15. Ne5 Bxe5 16. Qxe5 Rae8 17. Qxe8 Rxe8 18. Rxe8+ Bxe8 19. Nc3 Nb4 20. b3 Nxd3
21. cxd3 Qd4 22. Bb2 Qxd3 23. Na4 Nb7 24. Bc3 c5 25. Nb2 Qe2 26. Nc4 Bf7 27.
Ne5 Nd6 28. Nxf7 Kxf7 29. f3 Nb5 30. Ba5 Nd4 31. Rf1 f4 32. Bc3 Qd3 33. Re1
Ne2+ 34. Kf2 Nxc3 35. dxc3 Qxc3 36. Re2 a5 37. Re4 Qb2+ 38. Re2 Qd4+ 39. Kf1 a4
40. bxa4 Qxa4 41. Ke1 c4 42. Rb2 c3 43. Rb3 Qd4 0-1

[Event "Bristol Centenary & WECU Championship"]
[Site "The Great Hall, Bristol Gramm"]
[Date "2024.04.26"]
[Round "1.23"]
[White "Gallagher, Ian G"]
[Black "Jones, Mark G"]
[Result "1-0"]
[WhiteElo "1990"]
[BlackElo "1767"]
[PlyCount "49"]
[EventDate "2024.04.26"]
[EventRounds "5"]
[EventCountry "ENG"]
[SourceTitle "DT 112"]
[SourceDate "2024.08.26"]
[SourceVersion "1"]
[SourceVersionDate "2024.08.26"]
[SourceQuality "1"]

1. d4 Nf6 2. Bg5 d6 3. Bxf6 exf6 4. e3 Nc6 5. Ne2 Bf5 6. Nf4 Be7 7. Nd2 O-O 8.
g4 Bg6 9. h4 h6 10. Nxg6 fxg6 11. Bd3 f5 12. gxf5 Bxh4 13. Qg4 g5 14. Nf3 Ne7
15. Nxh4 gxh4 16. Rg1 Rf7 17. f6 Nd5 18. fxg7 Nf6 19. Qxh4 Rxg7 20. Rxg7+ Kxg7
21. O-O-O h5 22. Rg1+ Kf7 23. Qg5 Qg8 24. Bc4+ d5 25. Bxd5+ 1-0

[Event "Bristol Centenary & WECU Championship"]
[Site "The Great Hall, Bristol Gramm"]
[Date "2024.04.26"]
[Round "1.24"]
[White "Leroy, Jason"]
[Black "Underwood, Jonathan Wr"]
[Result "0-1"]
[WhiteElo "1636"]
[BlackElo "1987"]
[PlyCount "68"]
[EventDate "2024.04.26"]
[EventRounds "5"]
[EventCountry "ENG"]
[SourceTitle "DT 112"]
[SourceDate "2024.08.26"]
[SourceVersion "1"]
[SourceVersionDate "2024.08.26"]
[SourceQuality "1"]

1. e4 c5 2. Nf3 d6 3. d4 cxd4 4. Nxd4 Nf6 5. Nc3 a6 6. Be2 e5 7. Nb3 Be7 8. Be3
Be6 9. O-O Nbd7 10. h3 Rc8 11. f3 Nb6 12. Na5 Qc7 13. Qe1 d5 14. exd5 Nbxd5 15.
Nxd5 Nxd5 16. Nc4 b5 17. Qg3 bxc4 18. Qxg7 Bf6 19. Qh6 Nxe3 20. Qxe3 Qc5 21.
Qf2 Ke7 22. Kh1 Qxf2 23. Rxf2 Bh4 24. Rff1 Bg3 25. b3 Rhd8 26. Bd1 a5 27. c3
cxb3 28. axb3 Rxc3 29. Rxa5 Rc1 30. Ra7+ Kf6 31. Be2 Rxf1+ 32. Bxf1 Rd1 33. Kg1
Bxb3 34. Ra3 Bc4 0-1

[Event "Bristol Centenary & WECU Championship"]
[Site "The Great Hall, Bristol Gramm"]
[Date "2024.04.26"]
[Round "1.25"]
[White "Murawski, Jan"]
[Black "Udaya Shanker, Rajani Prasath"]
[Result "1-0"]
[WhiteElo "1981"]
[BlackElo "1599"]
[PlyCount "113"]
[EventDate "2024.04.26"]
[EventRounds "5"]
[EventCountry "ENG"]
[SourceTitle "DT 112"]
[SourceDate "2024.08.26"]
[SourceVersion "1"]
[SourceVersionDate "2024.08.26"]
[SourceQuality "1"]

1. d4 d5 2. c4 dxc4 3. e3 e5 4. Bxc4 exd4 5. Nf3 Bb4+ 6. Bd2 Bxd2+ 7. Qxd2 Nf6
8. Nxd4 a6 9. Be2 O-O 10. Bf3 Nbd7 11. O-O Ne5 12. Rc1 Nxf3+ 13. Nxf3 Bf5 14.
Qxd8 Raxd8 15. Nd4 Bxb1 16. Raxb1 Rd7 17. h3 Rfd8 18. Rc2 h6 19. Rbc1 c6 20.
Kf1 Ne4 21. f3 c5 22. Nf5 Nf6 23. Rxc5 Rd2 24. R5c2 R2d7 25. Rc8 Rxc8 26. Rxc8+
Kh7 27. Ke2 Nd5 28. a3 g6 29. Nd4 Re7 30. Nc2 Nf4+ 31. Kf1 Nd3 32. b4 Ne5 33.
Rc3 Nc6 34. Ke2 Kg7 35. Kd3 Kf6 36. Nd4 Rd7 37. Rc5 Nxd4 38. exd4 Ke6 39. Re5+
Kd6 40. Kc4 Rc7+ 41. Rc5 Re7 42. Rd5+ Kc6 43. Re5 Rd7 44. Rc5+ Kb6 45. a4 Ka7
46. d5 b6 47. Rc6 Kb7 48. b5 axb5+ 49. axb5 Rc7 50. Kd4 Re7 51. d6 Rd7 52. Kd5
Ka7 53. Rc7+ Rxc7 54. dxc7 Kb7 55. Kd6 Kc8 56. Kc6 f5 57. Kxb6 1-0

[Event "Bristol Centenary & WECU Championship"]
[Site "The Great Hall, Bristol Gramm"]
[Date "2024.04.27"]
[Round "2.1"]
[White "Garcia, Oscar"]
[Black "Merry, Alan B"]
[Result "1-0"]
[WhiteElo "2088"]
[BlackElo "2438"]
[PlyCount "97"]
[EventDate "2024.04.26"]
[EventRounds "5"]
[EventCountry "ENG"]
[SourceTitle "DT 112"]
[SourceDate "2024.08.26"]
[SourceVersion "1"]
[SourceVersionDate "2024.08.26"]
[SourceQuality "1"]

1. e4 c6 2. Nf3 d5 3. Nc3 dxe4 4. Nxe4 Nf6 5. Qe2 Nxe4 6. Qxe4 Be6 7. Bc4 Bd5
8. Bxd5 cxd5 9. Qe2 e6 10. d4 Bd6 11. c3 Nc6 12. O-O O-O 13. Bg5 Qc7 14. Bh4
Rab8 15. Bg3 b5 16. Bxd6 Qxd6 17. a3 a5 18. Rfc1 Rfc8 19. a4 b4 20. c4 dxc4 21.
Rxc4 Ne7 22. Rac1 Rxc4 23. Qxc4 h6 24. Qd3 Rd8 25. Qb5 Qf4 26. Rc5 Qe4 27. Rc1
Qd5 28. Qxd5 Rxd5 29. Kf1 f6 30. Ke2 g5 31. h3 h5 32. Rc5 g4 33. hxg4 hxg4 34.
Nd2 Rxd4 35. Rxa5 Ng6 36. g3 Ne5 37. Rb5 Nd3 38. Nb3 Rd8 39. a5 Nxb2 40. Rxb4
Kf7 41. a6 Nd1 42. Nd4 Nc3+ 43. Kd3 Nd5 44. Rb7+ Kg6 45. a7 Ra8 46. Nc6 Kf5 47.
Kd4 Kg5 48. Kc5 Kf5 49. Kd6 1-0

[Event "Bristol Centenary & WECU Championship"]
[Site "The Great Hall, Bristol Gramm"]
[Date "2024.04.27"]
[Round "2.2"]
[White "Krzyzanowski, Patryk"]
[Black "Wells, Peter K"]
[Result "1/2-1/2"]
[WhiteElo "2072"]
[BlackElo "2351"]
[PlyCount "87"]
[EventDate "2024.04.26"]
[EventRounds "5"]
[EventCountry "ENG"]
[SourceTitle "DT 112"]
[SourceDate "2024.08.26"]
[SourceVersion "1"]
[SourceVersionDate "2024.08.26"]
[SourceQuality "1"]

1. d4 Nf6 2. c4 e6 3. Nf3 d5 4. Nc3 dxc4 5. e4 b5 6. e5 Nd5 7. Nxb5 Nb6 8. Ng5
Nc6 9. Qh5 Bb4+ 10. Nc3 Qd7 11. Be3 Nd5 12. Rc1 Ba6 13. Be2 h6 14. Bg4 Nxd4 15.
O-O g6 16. Qh3 Nxe3 17. fxe3 Nf5 18. Rcd1 Qe7 19. Nge4 Bb7 20. Nf6+ Kf8 21. e4
Bc5+ 22. Kh1 Nd4 23. Ne2 Rd8 24. Nf4 Kg7 25. Qg3 Rhf8 26. Bh5 Bxe4 27. Nxe4 Nf5
28. Qc3 Bd4 29. Rxd4 Rxd4 30. Ng3 Rfd8 31. Nxf5+ exf5 32. e6 gxh5 33. exf7 Kxf7
34. Nxh5 Qe2 35. Ng3 Qd3 36. Qa5 f4 37. Qxc7+ Kg6 38. Qe5 Rf8 39. Qe6+ Kh7 40.
Qe7+ Kg8 41. Qe6+ Kh7 42. Qe7+ Kg8 43. Qe6+ Kh7 44. Qe7+ 1/2-1/2

[Event "Bristol Centenary & WECU Championship"]
[Site "The Great Hall, Bristol Gramm"]
[Date "2024.04.27"]
[Round "2.3"]
[White "Boswell, Jacob Connor"]
[Black "Banerjee, Supratit"]
[Result "1-0"]
[WhiteElo "2254"]
[BlackElo "2025"]
[PlyCount "95"]
[EventDate "2024.04.26"]
[EventRounds "5"]
[EventCountry "ENG"]
[SourceTitle "DT 112"]
[SourceDate "2024.08.26"]
[SourceVersion "1"]
[SourceVersionDate "2024.08.26"]
[SourceQuality "1"]

1. d4 d5 2. c4 e6 3. Nf3 Be7 4. Nc3 Nf6 5. Bf4 O-O 6. e3 c6 7. c5 Nbd7 8. b4
Ne4 9. Nxe4 dxe4 10. Ne5 Nf6 11. Qd2 Nd5 12. Nc4 b6 13. Bd6 a5 14. bxa5 bxc5
15. Bxc5 Bxc5 16. dxc5 Qf6 17. Rc1 Rd8 18. Nd6 Rb8 19. Nxe4 Qe5 20. Nd6 Rb2 21.
Nc4 Rxd2 22. Nxe5 Nb4 23. Bc4 f6 24. Nf3 Rb2 25. O-O Ba6 26. Nd4 Bxc4 27. Rxc4
e5 28. Rxb4 Rxb4 29. Nxc6 Rdb8 30. Nxb4 Rxb4 31. Rc1 Kf7 32. c6 Rb8 33. c7 Rc8
34. a6 Ke7 35. a7 Kd7 36. g4 g6 37. Kg2 f5 38. Rd1+ Kc6 39. Rd8 Kxc7 40. Rxc8+
Kxc8 41. a8=Q+ Kc7 42. Qa6 fxg4 43. a4 h5 44. a5 g3 45. Qb6+ Kd7 46. a6 gxf2
47. a7 f1=Q+ 48. Kxf1 1-0

[Event "Bristol Centenary & WECU Championship"]
[Site "The Great Hall, Bristol Gramm"]
[Date "2024.04.27"]
[Round "2.4"]
[White "Dilleigh, Stephen P"]
[Black "Beaumont, Chris R"]
[Result "1/2-1/2"]
[WhiteElo "1995"]
[BlackElo "2224"]
[PlyCount "38"]
[EventDate "2024.04.26"]
[EventRounds "5"]
[EventCountry "ENG"]
[SourceTitle "DT 112"]
[SourceDate "2024.08.26"]
[SourceVersion "1"]
[SourceVersionDate "2024.08.26"]
[SourceQuality "1"]

1. Nf3 Nf6 2. c4 g6 3. Nc3 Bg7 4. e4 d6 5. d4 O-O 6. Be2 e5 7. Be3 Ng4 8. Bg5
f6 9. Bh4 Nc6 10. d5 Ne7 11. Nd2 Nh6 12. f3 f5 13. O-O Nf7 14. Bf2 c5 15. a3
Kh8 16. b4 b6 17. Qc2 Ng8 18. Rfb1 Nf6 19. a4 a5 1/2-1/2

[Event "Bristol Centenary & WECU Championship"]
[Site "The Great Hall, Bristol Gramm"]
[Date "2024.04.27"]
[Round "2.5"]
[White "Liu, Jack"]
[Black "Stubbs, Oliver"]
[Result "1-0"]
[WhiteElo "1992"]
[BlackElo "2116"]
[PlyCount "79"]
[EventDate "2024.04.26"]
[EventRounds "5"]
[EventCountry "ENG"]
[SourceTitle "DT 112"]
[SourceDate "2024.08.26"]
[SourceVersion "1"]
[SourceVersionDate "2024.08.26"]
[SourceQuality "1"]

{[%evp 0,79,19,28,47,30,36,26,43,40,23,32,41,46,15,15,15,15,26,5,15,-7,21,-3,4,
0,3,-4,-4,15,-3,-15,-8,-1,-17,-13,-15,-15,-11,-43,-4,220,220,228,233,233,230,
230,230,205,208,211,218,217,217,219,222,219,231,255,250,258,259,247,270,261,
289,318,341,347,365,351,363,355,353,351,362,362,366,366,366,366]} 1. e4 e6 2.
d4 d5 3. Nc3 Nf6 4. Bg5 dxe4 5. Nxe4 Be7 6. Nxf6+ Bxf6 7. Bxf6 Qxf6 8. Nf3 O-O
9. Qd3 c5 10. O-O-O Rd8 11. Qe4 Nc6 12. Bd3 Qh6+ 13. Kb1 cxd4 14. Rhe1 Bd7 15.
g4 Re8 16. g5 Qh5 17. Nxd4 Nxd4 18. Qxd4 Bc6 19. h4 Rad8 20. Qxd8 Rxd8 21. Be2
Rxd1+ 22. Rxd1 g6 23. Bxh5 gxh5 24. Rd4 h6 25. Rd8+ Kg7 26. gxh6+ Kxh6 27. Rh8+
Kg6 28. Rg8+ Kf6 29. Rg5 Bf3 30. Kc1 e5 31. Kd2 Ke6 32. Ke3 Bd1 33. c3 f5 34.
f4 Kf6 35. Rg8 Bc2 36. Rf8+ Kg7 37. Re8 exf4+ 38. Kxf4 Kf7 39. Rh8 Kg6 40. Rg8+
1-0

[Event "Bristol Centenary & WECU Championship"]
[Site "The Great Hall, Bristol Gramm"]
[Date "2024.04.27"]
[Round "2.6"]
[White "Bicknell, Carl"]
[Black "Gallagher, Ian G"]
[Result "0-1"]
[WhiteElo "2116"]
[BlackElo "1990"]
[PlyCount "30"]
[EventDate "2024.04.26"]
[EventRounds "5"]
[EventCountry "ENG"]
[SourceTitle "DT 112"]
[SourceDate "2024.08.26"]
[SourceVersion "1"]
[SourceVersionDate "2024.08.26"]
[SourceQuality "1"]

{[%evp 0,30,26,32,32,48,48,47,90,81,81,88,75,72,79,64,49,49,63,64,62,-126,-117,
-117,-151,-173,-214,-203,-205,-773,-772,-29997,-29998]} 1. e4 d5 2. exd5 Nf6 3.
d4 Bg4 4. f3 Bf5 5. g4 Bg6 6. c4 e5 7. Be3 exd4 8. Bxd4 Bb4+ 9. Kf2 O-O 10. a3
Nxg4+ 11. fxg4 Qh4+ 12. Kf3 f5 13. Kg2 fxg4 14. Bd3 Be1 15. Ne2 Qh3+ 0-1

[Event "Bristol Centenary & WECU Championship"]
[Site "The Great Hall, Bristol Gramm"]
[Date "2024.04.27"]
[Round "2.7"]
[White "Longson, Sarah N"]
[Black "Crockart, Scott A"]
[Result "0-1"]
[WhiteElo "1990"]
[BlackElo "2115"]
[PlyCount "102"]
[EventDate "2024.04.26"]
[EventRounds "5"]
[EventCountry "ENG"]
[SourceTitle "DT 112"]
[SourceDate "2024.08.26"]
[SourceVersion "1"]
[SourceVersionDate "2024.08.26"]
[SourceQuality "1"]

1. e4 e5 2. Nf3 Nc6 3. Bc4 Nf6 4. d3 Be7 5. O-O O-O 6. Re1 d6 7. c3 Na5 8. Bb5
a6 9. Ba4 b5 10. Bc2 c5 11. Nbd2 Nc6 12. Nf1 h6 13. Ng3 Re8 14. h3 Bf8 15. d4
Bb7 16. Be3 g6 17. Qd2 Kh7 18. d5 Na5 19. b3 Bc8 20. Rf1 Bg7 21. Nh2 Nb7 22. a4
Bd7 23. f4 bxa4 24. bxa4 Na5 25. Qd3 c4 26. Qe2 Rb8 27. fxe5 dxe5 28. Rab1 Qc7
29. Nf3 Rxb1 30. Rxb1 Rb8 31. Qf1 Ne8 32. Nd2 Nd6 33. Rb4 Rxb4 34. cxb4 Nb3 35.
a5 Nd4 36. Qc1 Qb7 37. Nf3 Nxf3+ 38. gxf3 Qxb4 39. Bb6 Bxh3 40. Ne2 Nb5 41. Qb1
Qe7 42. Kf2 h5 43. Qg1 Nd4 44. Qg3 Bd7 45. Nxd4 exd4 46. Qf4 Bh6 47. Qh2 d3 48.
Bd1 Qb4 49. Qc7 Qd2+ 50. Kg3 h4+ 51. Kxh4 Qg5# 0-1

[Event "Bristol Centenary & WECU Championship"]
[Site "The Great Hall, Bristol Gramm"]
[Date "2024.04.27"]
[Round "2.8"]
[White "Khoury, Theo"]
[Black "Murawski, Jan"]
[Result "0-1"]
[WhiteElo "2113"]
[BlackElo "1981"]
[PlyCount "82"]
[EventDate "2024.04.26"]
[EventRounds "5"]
[EventCountry "ENG"]
[SourceTitle "DT 112"]
[SourceDate "2024.08.26"]
[SourceVersion "1"]
[SourceVersionDate "2024.08.26"]
[SourceQuality "1"]

{[%evp 0,70,28,28,28,28,8,10,10,3,5,-6,-13,-22,-2,0,0,-17,-11,-6,-7,7,7,8,12,8,
17,10,5,4,29,33,16,-2,0,3,3,0,29,-63,-70,-48,-24,-61,-61,-63,-69,-79,-69,-128,
-123,-68,-83,-113,-134,-178,-195,-254,-236,-246,-245,-248,-253,-246,-249,-261,
-257,-260,-223,-242,-252,-259,-233]} 1. e4 e5 2. Nf3 Nc6 3. d4 exd4 4. Nxd4 Nf6
5. Nxc6 bxc6 6. e5 Qe7 7. Qe2 Nd5 8. h4 d6 9. c4 Nb6 10. exd6 cxd6 11. Be3 Be6
12. Nd2 d5 13. g3 dxc4 14. Bg2 Qc7 15. O-O Be7 16. Rac1 O-O 17. Ne4 Bd5 18. Bd4
f5 19. Ng5 Bxg5 20. hxg5 Qf7 21. f4 Rfe8 22. Qf2 Rad8 23. Be5 Nd7 24. Bc3 Bxg2
25. Kxg2 Qd5+ 26. Qf3 Nc5 27. Qxd5+ cxd5 28. Bd4 Nd3 29. Rcd1 Re4 30. Be5 Nxe5
31. fxe5 Rxe5 32. Rd4 Kf7 33. Kf3 Ke6 34. Rh4 Kf7 35. Rxh7 Kg6 36. Rfh1 d4 37.
Rh8 Rd6 38. Rd1 d3 39. Rd2 Rde6 40. b3 Re3+ 41. Kf2 c3 0-1

[Event "Bristol Centenary & WECU Championship"]
[Site "The Great Hall, Bristol Gramm"]
[Date "2024.04.27"]
[Round "2.9"]
[White "Underwood, Jonathan Wr"]
[Black "Verma, Aditya"]
[Result "0-1"]
[WhiteElo "1987"]
[BlackElo "2109"]
[Annotator "Tipper, Dave"]
[PlyCount "150"]
[EventDate "2024.04.26"]
[EventRounds "5"]
[EventCountry "ENG"]
[SourceTitle "DT 112"]
[SourceDate "2024.08.26"]
[SourceVersion "1"]
[SourceVersionDate "2024.08.26"]
[SourceQuality "1"]

{[%evp 0,98,39,-14,-31,-42,-11,-26,-4,-33,-11,-5,10,10,10,9,43,39,80,76,76,66,
66,53,68,61,64,58,72,97,116,77,71,71,77,69,71,69,70,41,73,62,71,10,22,29,29,18,
31,38,27,10,20,-8,-6,-16,0,0,0,0,0,-6,32,-54,-54,-72,-69,-92,-92,-83,-85,-85,
-97,-95,-95,-90,-86,-91,-91,-108,-100,-98,-102,-140,-108,-114,-104,-181,-123,
-124,-95,-101,-106,-108,-117,-100,-106,-105,-106,-96,-57]} 1. c4 e5 2. g3 d5 3.
cxd5 Qxd5 4. Nf3 Nc6 5. Nc3 Qd8 6. Bg2 Nf6 7. O-O Bd6 8. d4 exd4 9. Nxd4 Nxd4
10. Qxd4 O-O 11. Rd1 Qe8 12. Bf4 Bxf4 13. Qxf4 c6 14. Qc7 Qe6 15. Rd2 Ne8 {
Draw Offer} 16. Qf4 Nf6 17. Rad1 Qe7 18. e4 Bg4 19. Re1 Be6 20. e5 Nd7 21. a3
Nb6 22. Bf1 Rad8 23. Red1 Bb3 24. Rxd8 Rxd8 25. Rd4 Re8 26. Re4 h6 27. h4 Nd7
28. Rb4 Nc5 29. Ne4 Nxe4 30. Rxe4 f6 31. Re3 fxe5 32. Qf5 Bd5 33. Bd3 e4 34.
Bc2 Qe6 35. Qxe6+ Rxe6 36. Kf1 Kf7 37. Ke2 Kf6 38. Kd2 Ke5 39. Kc3 Kd6 40. b4
b6 41. Kd2 g5 42. hxg5 hxg5 43. Re1 Ke5 44. Ke3 Rf6 45. Bd1 c5 46. Rh1 cxb4 47.
axb4 Rc6 48. Rh5 Rc3+ 49. Kd2 Rd3+ 50. Ke1 Kf5 51. Rh7 a5 52. bxa5 bxa5 53. Ra7
Ra3 54. Kd2 Ra2+ 55. Ke3 Ra3+ 56. Kd2 Bc4 57. Ra8 Bd3 58. Rf8+ Ke5 59. Re8+ Kd5
60. Rd8+ Kc5 61. Rc8+ Kb4 62. Rb8+ Bb5 63. Rg8 Rd3+ 64. Ke1 a4 65. Bg4 a3 66.
Be6 Bc4 67. Bxc4 Kxc4 68. Rxg5 a2 69. Ra5 Kb3 70. g4 Kb2 71. Rxa2+ Kxa2 72. Ke2
Kb3 73. g5 Kc4 74. g6 Rd7 75. Ke3 Kd5 0-1

[Event "Bristol Centenary & WECU Championship"]
[Site "The Great Hall, Bristol Gramm"]
[Date "2024.04.27"]
[Round "2.10"]
[White "Saunders, Aron"]
[Black "Clarke, James"]
[Result "1-0"]
[WhiteElo "2092"]
[BlackElo "1871"]
[PlyCount "91"]
[EventDate "2024.04.26"]
[EventRounds "5"]
[EventCountry "ENG"]
[SourceTitle "DT 112"]
[SourceDate "2024.08.26"]
[SourceVersion "1"]
[SourceVersionDate "2024.08.26"]
[SourceQuality "1"]

1. e4 c5 2. Nf3 d6 3. Bb5+ Nd7 4. a4 a6 5. Be2 Ngf6 6. Nc3 g6 7. O-O Bg7 8. d4
cxd4 9. Nxd4 O-O 10. Be3 Nc5 11. f3 e5 12. Nb3 Ne6 13. Qd2 Qe7 14. Rfd1 Rd8 15.
a5 h5 16. Bc4 Kh7 17. Na4 Nc7 18. Nb6 Rb8 19. Qb4 Be6 20. Rd3 Bxc4 21. Nxc4
Nce8 22. Rad1 Rbc8 23. c3 Rc6 24. Nb6 Bh6 25. Bf2 Nc7 26. c4 Nfe8 27. Qe1 Ne6
28. Nd5 Qf8 29. Rc3 Rdc8 30. Nb6 R8c7 31. c5 dxc5 32. Nd7 Qg7 33. Nbxc5 Nf4 34.
Qf1 g5 35. g3 Ng6 36. Qh3 h4 37. Rcd3 Nf6 38. Qf5 Nh5 39. b4 h3 40. Rd6 Rc8 41.
Qxh3 Nh4 42. gxh4 Nf4 43. Qf5+ Kh8 44. h5 Nxh5 45. Nxe5 R6c7 46. Rd8+ 1-0

[Event "Bristol Centenary & WECU Championship"]
[Site "The Great Hall, Bristol Gramm"]
[Date "2024.04.27"]
[Round "2.11"]
[White "Murphy, Conor E"]
[Black "Young, Daniel J"]
[Result "1-0"]
[WhiteElo "2484"]
[BlackElo "1927"]
[PlyCount "75"]
[EventDate "2024.04.26"]
[EventRounds "5"]
[EventCountry "ENG"]
[SourceTitle "DT 112"]
[SourceDate "2024.08.26"]
[SourceVersion "1"]
[SourceVersionDate "2024.08.26"]
[SourceQuality "1"]

1. e4 e5 2. Nf3 Nc6 3. Bc4 Nf6 4. d3 Be7 5. O-O O-O 6. Re1 d6 7. a3 Nd7 8. Nc3
Nb6 9. Ba2 Kh8 10. h3 f5 11. Nd5 f4 12. c3 g5 13. Nh2 Bd7 14. b4 Bf6 15. Nxf6
Qxf6 16. d4 Qg6 17. f3 Rae8 18. Bb2 Re7 19. Rc1 h5 20. b5 Nd8 21. c4 Nf7 22. c5
Nc8 23. a4 exd4 24. Qxd4+ Ne5 25. cxd6 cxd6 26. Rc7 Kh7 27. Rf1 g4 28. fxg4
hxg4 29. hxg4 Bxg4 30. Rxe7+ Nxe7 31. Nxg4 Qxg4 32. Qxd6 f3 33. Rf2 N5g6 34.
Qh2+ Nh4 35. Qe5 Nc8 36. Be6 Re8 37. Bxg4 Rxe5 38. Bxe5 1-0

[Event "Bristol Centenary & WECU Championship"]
[Site "The Great Hall, Bristol Gramm"]
[Date "2024.04.27"]
[Round "2.12"]
[White "Arkell, Keith C"]
[Black "Zhang, Junyi"]
[Result "1-0"]
[WhiteElo "2371"]
[BlackElo "1924"]
[PlyCount "123"]
[EventDate "2024.04.26"]
[EventRounds "5"]
[EventCountry "ENG"]
[SourceTitle "DT 112"]
[SourceDate "2024.08.26"]
[SourceVersion "1"]
[SourceVersionDate "2024.08.26"]
[SourceQuality "1"]

1. Nf3 Nf6 2. c4 e6 3. Nc3 d5 4. cxd5 exd5 5. d4 c6 6. Qc2 Bd6 7. Bg5 O-O 8. e3
h6 9. Bh4 Re8 10. Bd3 a6 11. O-O Bg4 12. Bh7+ Kh8 13. Bf5 Bxf5 14. Qxf5 Nbd7
15. Rab1 Kg8 16. b4 Qe7 17. a3 Qe6 18. Qxe6 Rxe6 19. a4 g5 20. Bg3 Bxg3 21.
hxg3 b5 22. Ra1 Ree8 23. Ra2 Ne4 24. Nxe4 dxe4 25. Nd2 bxa4 26. Nc4 Reb8 27.
Rxa4 Nb6 28. Nxb6 Rxb6 29. g4 Kg7 30. Rc1 Rab8 31. Rc5 f6 32. Kh2 Kg6 33. Kg3
h5 34. gxh5+ Kxh5 35. Ra1 Kg6 36. Kg4 Rh8 37. Rac1 Rxb4 38. Rxc6 Rb2 39. Kg3 a5
40. Ra6 Rb5 41. Rcc6 Rf5 42. Re6 Rh4 43. Re5 a4 44. Ree6 Kf7 45. Rec6 Kg6 46.
Rcb6 a3 47. Rxa3 Kh5 48. Ra2 Rff4 49. f3 Rf5 50. Rb7 Kg6 51. Raa7 Rd5 52. fxe4
Rxe4 53. Kf3 Kf5 54. Re7 g4+ 55. Kg3 Rxe7 56. Rxe7 Rd6 57. e4+ Kg5 58. d5 f5
59. Re5 Rf6 60. Rxf5+ Rxf5 61. exf5 Kxf5 62. Kh4 1-0

[Event "Bristol Centenary & WECU Championship"]
[Site "The Great Hall, Bristol Gramm"]
[Date "2024.04.27"]
[Round "2.13"]
[White "Matlak, Oleksandr"]
[Black "Lishoy Gengis Paratazham, Dildarav"]
[Result "1-0"]
[WhiteElo "2142"]
[BlackElo "1924"]
[PlyCount "109"]
[EventDate "2024.04.26"]
[EventRounds "5"]
[EventCountry "ENG"]
[SourceTitle "DT 112"]
[SourceDate "2024.08.26"]
[SourceVersion "1"]
[SourceVersionDate "2024.08.26"]
[SourceQuality "1"]

1. c4 e5 2. Nc3 Nc6 3. Nf3 g6 4. g3 Bg7 5. Bg2 Nge7 6. O-O O-O 7. Rb1 d6 8. b4
f5 9. b5 Nb8 10. a4 e4 11. Ne1 Be6 12. Bb2 Nd7 13. d3 Rb8 14. dxe4 Bxc4 15.
exf5 Nxf5 16. Nd5 Bxb2 17. Rxb2 Nf6 18. Rb4 Bxd5 19. Bxd5+ Nxd5 20. Qxd5+ Kh8
21. Nd3 Qf6 22. Rc1 Qe7 23. Rbc4 Rfc8 24. e4 Ng7 25. Nf4 a6 26. Qd4 Qe5 27.
Qxe5 dxe5 28. Nd3 axb5 29. axb5 Ne6 30. Nxe5 Re8 31. Nd7 Rbd8 32. Nf6 Rf8 33.
e5 Rd2 34. Rxc7 Nxc7 35. Rxc7 Rxf6 36. exf6 Kg8 37. Rg7+ Kf8 38. Rxb7 Rd6 39.
Rxh7 Rxf6 40. Rb7 Rf3 41. Kg2 Rb3 42. h4 Kg8 43. g4 Rb4 44. Kg3 Rb3+ 45. Kf4
Rb2 46. Kg5 Rxf2 47. Kxg6 Rf8 48. g5 Rd8 49. Kh6 Rd6+ 50. g6 Rd8 51. b6 Kh8 52.
Rc7 Kg8 53. b7 Rf8 54. Rc8 Rxc8 55. bxc8=Q# 1-0